| 000 | 01043nam a2200289 i 4500 | ||
|---|---|---|---|
| 001 | 000026268 | ||
| 003 | DO-SdBNP | ||
| 005 | 20240604144708.0 | ||
| 007 | ta | ||
| 008 | 110308s1997 dr a 000 0 spa d | ||
| 040 |
_aDO-SdBNP _bspa _cBNPHU _erda |
||
| 049 | _aBNPD | ||
| 082 | 4 |
_bN936f _222 |
|
| 100 | 1 |
_aNovas, José C. _931859 _eautor |
|
| 245 | 1 | 0 |
_aFrederick Douglass : _bla anexión a los Estados Unidos y otros episodios en la Isla de Santo Domingo / _cJosé C. Novas ; traducción, José C. Novas, Maritza Poyet |
| 264 |
_aLugar no identificado : _bLa Integral, _c1997. |
||
| 300 |
_a165 páginas : _bilustraciones, _c22 cm. |
||
| 336 |
_2rdacontent _atexto _btxt |
||
| 337 |
_2rdamedia _asin mediación _bn |
||
| 338 |
_2rdacarrier _avolumen _bnc |
||
| 500 | _aIncluye referencias bibliográficas y notas al pie de las páginas | ||
| 504 | _aBibliografía : p. 157-165 | ||
| 590 | _aInventariado, 2024/BT | ||
| 700 | 1 |
_aMovas, José C, _etraducción _985591 |
|
| 700 | 1 |
_aPoyet, Maritza, _etraducción _985592 |
|
| 942 |
_2ddc _cLBS1 |
||
| 999 |
_c25760 _d25760 |
||